ბათუმის შოთა რუსთაველის სახელმწიფო უნივერსიტეტის ბიბლიოთეკა

ფიტოფაგი მწერების ეკოლოგიური თავისებურებანი და მათი პათოგენი სოკოები აჭარის სუბტროპიკულ ზონაში / (ბიბ.ჩანაწერი № 51949)

000 -ლიდერი
ფიქსირებული სიგრძის საკონტროლო ველი 01578nam a2200241Ia 4500
001 - საკონტროლო ნომერი
საკონტროლო ველი 18950
003 - საკონტროლო ნომრის იდენტიფიკატორი
საკონტროლო ველი GE_BSU
005 - ბოლო ოპერაციის თარიღი და დრო
საკონტროლო ველი 20210426143527.0
008 - ფიქსირებული სიგრძის მონაცემთა ელემენტები - ზოგადი ინფორმაცია
ფიქსირებული სიგრძის საკონტროლო ველი 181216s2013||||ge |||||||||||||| ||geo||
040 ## - კატალოგიზაციის წყარო
Transcribing agency GE_BSU
041 ## - ენის კოდი
Language code of text/sound track or separate title geo
080 ## - უნივერსალური ათობითი კლასიფიკაციის ინდექსი
Universal Decimal Classification number 63 წ-33
100 ## - მთავარი ჩანაწერი - პიროვნების სახელი
Personal name წეროძე, მირანდა
9 (RLIN) 11626
245 ## - ცნობა სათაურის შესახებ
Title ფიტოფაგი მწერების ეკოლოგიური თავისებურებანი და მათი პათოგენი სოკოები აჭარის სუბტროპიკულ ზონაში /
Statement of responsibility, etc მირანდა წეროძე; სამეცნიერო ხელმძღვანელი ა. მურვანიძე; ბათუმის შოთა რუსთაველის სახ-ფო უნ-ტი.
264 ## - წარმოების, გამოცემის, დისტრიბუციის და სხვა ცნობები
გამოცემის, წარმოების, დისტრიბუციის... ადგილი ბათუმი,
გამოცემის, წარმოების, დისტრიბუციის... თარიღი 2013.
300 ## - ფიზიკური აღწერა
Extent 144 გვ.;
Other physical details 30 სმ.
653 ## - INDEX TERM--UNCONTROLLED
Uncontrolled term დისერტაცია
653 ## - INDEX TERM--UNCONTROLLED
Uncontrolled term სოფლის მეურნეობა
653 ## - INDEX TERM--UNCONTROLLED
Uncontrolled term ფიტოფაგი მწერების ეკოლოგიური თავისებურებანი და მათი პათოგენი სოკოები აჭარის სუბტროპიკულ ზონაში
700 ## - ADDED ENTRY--PERSONAL NAME
Personal name მურვანიძე, ა.
Relator term სამეცნიერო ხელმძღვანელი
9 (RLIN) 1804
710 ## - ADDED ENTRY--CORPORATE NAME
Corporate name or jurisdiction name as entry element ბათუმის შოთა რუსთაველის სახ-ფო უნ-ტი
9 (RLIN) 11627
942 ## - ADDED ENTRY ELEMENTS (KOHA)
Koha item type წიგნი
Source of classification or shelving scheme
ეგზემპლარები
ჩამოწერის სტატუსი დაკარგული ეგზემპლარის სტატუსი კლასიფიკაციის წყარო ან თაროზე გაწყობის სქემა დაზიანების სტატუსი არ გაიცემა მუდმივი მდებარეობა (დაცვის ადგილი) ამჟამინდელი ადგილსამყოფელი თაროზე განთავსების ადგილი შეძენის თარიღი სრული შენახვის შიფრი შტრიხკოდი ბოლო ოპერაციის თარიღი ეგზემპლარის მიმდევრობითი ნომერი (კეტერი?) ფასის ძალაში შესვლის თარიღი ეგზემპლარის სახეობა
        შიდა ფონდი ბათუმის შოთა რუსთაველის სახელმწიფო უნივერსიტეტის მთავარი ბიბლიოთეკა ბათუმის შოთა რუსთაველის სახელმწიფო უნივერსიტეტის მთავარი ბიბლიოთეკა წიგნსაცავი 2018-12-17 63 წ-33 125 დისერტ. 2018-12-17 125 2018-12-17 დისერტაცია